South America Decoder - Statistics

General Stats
  • This quiz has been taken 742 times
  • The average score is 11 of 21
Answer Stats
hint answer % Correct
R 2016 Olympic host city Rio de Janeiro
95%
A country named after the Latin word for silver Argentina
93%
M _____ Picchu, lost city of the Incas Machu
93%
E what Ecuador means in English equator
86%
L is it a camel? a sheep? an alpaca is definitely one llama
83%
U FIFA World Cup's first winner in 1930 Uruguay
82%
A _____ Falls, the world's highest, in Venezuela Angel
76%
G the continent's only cricket-playing nation Guyana
74%
B this capital didn't exist before 1956 Brasília
73%
Q Ecuador's second largest city Quito
59%
Á desert region whose largest city, Arica, gets 1 inch of rain every 16 years Atacama
49%
Í the girl from here looks straight ahead, not at me Ipanema
44%
C Chile leads the world (⅓ of world production) in mining this mined ore copper
42%
A the continent's highest peak Aconcagua
32%
Colombian novelist Gabriel García Márquez
32%
G Paraguay's currency, also one of its official languages guarani
25%
Z Argentinian traditional dance, a near-homonym of samba Zamba
25%
R Argentina's 3rd largest city, 3 hours drive from BA Rosario
24%
E __ Alto, the world's highest metropolis near La Paz El
23%
R Brazilian province, named after Marechal Rondon Rondônia
21%
I Peruvian city (pop 470,000); the world's largest you cannot drive to Iquitos
10%
No matching quizzes found
Score Distribution
Percent of People with Each Score
Percentile by Number Answered
Your Score History
You have not taken this quiz